000 00585nam a22001937a 4500
005 20250703112257.0
006 a|||||r|||| 00| 0
007 ta
008 250703b2001 ag ||||| |||| 00| 0 spa d
020 _a9874331755
040 _aAR-EsCIE
_cspa
_dAR-EsCIE
100 1 _aSchuldt, Miguel
_9822
245 1 0 _aLombricultura : su teoría y práctica en el ámbito agropecuario, industrial y doméstico /
_cMiguel Schuldt.
260 _aLa Plata :
_b[el autor],
_c2001.
300 _a135 p.
_bfoto., graf.
650 4 _aLOMBRICULTURA
_9823
910 _aPG20250703
942 _2ddc
_cBK
_n0
999 _c390
_d390